<?xml version="1.0" encoding="UTF-8"?><?xml-stylesheet type="text/xsl" href="static/style.xsl"?><OAI-PMH xmlns="http://www.openarchives.org/OAI/2.0/" xmlns:xsi="http://www.w3.org/2001/XMLSchema-instance" xsi:schemaLocation="http://www.openarchives.org/OAI/2.0/ http://www.openarchives.org/OAI/2.0/OAI-PMH.xsd"><responseDate>2026-04-17T02:00:10Z</responseDate><request verb="GetRecord" identifier="oai:www.recercat.cat:2072/402810" metadataPrefix="marc">https://recercat.cat/oai/request</request><GetRecord><record><header><identifier>oai:recercat.cat:2072/402810</identifier><datestamp>2026-03-05T23:27:07Z</datestamp><setSpec>com_2072_98</setSpec><setSpec>col_2072_378192</setSpec></header><metadata><record xmlns="http://www.loc.gov/MARC21/slim" xmlns:dcterms="http://purl.org/dc/terms/" xmlns:xsi="http://www.w3.org/2001/XMLSchema-instance" xmlns:doc="http://www.lyncode.com/xoai" xsi:schemaLocation="http://www.loc.gov/MARC21/slim http://www.loc.gov/standards/marcxml/schema/MARC21slim.xsd">
   <leader>00925njm 22002777a 4500</leader>
   <datafield ind2=" " ind1=" " tag="042">
      <subfield code="a">dc</subfield>
   </datafield>
   <datafield ind2=" " ind1=" " tag="720">
      <subfield code="a">Dillon, Alfredo</subfield>
      <subfield code="e">author</subfield>
   </datafield>
   <datafield ind2=" " ind1=" " tag="260">
      <subfield code="c">2013</subfield>
   </datafield>
   <datafield ind2=" " ind1=" " tag="520">
      <subfield code="a">A partir d'entrevistes a adolescents de diferents barris de la ciutat de Buenos Aires, aquest treball explora com es reconfigura per part d'aquests usuaris l'esfera de l'íntim en Facebook. L'objectiu va ser indagar sobre les representacions de joves de 17 i 18 anys en relació amb aquest tema. Per mitjà d'entrevistes en profunditat, es va interrogar als adolescents sobre els seus criteris per publicar continguts a la xarxa social, la proliferació de rumors en la plataforma i la necessitat de preservar determinades informacions de la mirada dels altres, especialment dels adults. Contra els diagnòstics que adverteixen sobre "la fi de la intimitat", els adolescents entrevistats es van mostrar conscients de la necessitat de controlar allò que es fa públic en Facebook. En la majoria dels casos, el pudor, el dolor o els sentiments significatius marquen el límit del que es postea en el "mur", davant els ulls de tots. Mentre l'univers adult només apareix com a autoritat censora (els pares) o amenaça perillosa (homes madurs, pervertits i pedòfils), la majoria dels adolescents entrevistats va assenyalar la necessitat d'un millor acompanyament per part dels majors. En tots els casos, els joves reclamen "límits" que siguin capaces de contenir la sobreexposició de la intimitat a la xarxa.</subfield>
   </datafield>
   <datafield ind2=" " ind1=" " tag="520">
      <subfield code="a">A partir de entrevistas a adolescentes de diferentes barrios de la ciudad de Buenos Aires, este trabajo explora cómo se reconfigura para estos usuarios la esfera de lo íntimo en Facebook. El objetivo fue indagar sobre las representaciones de jóvenes de 17 y 18 años en relación con este tema: por medio de entrevistas en profundidad, se interrogó a los adolescentes acerca de sus criterios para publicar contenidos en la red social, la proliferación de rumores en la plataforma y la necesidad de preservar determinadas informaciones de la mirada de los otros, especialmente de los adultos. Contra los diagnósticos que advierten sobre el «fin de la intimidad», los adolescentes entrevistados se mostraron conscientes de la necesidad de controlar aquello que se hace público en Facebook. En la mayoría de los casos, el pudor, el dolor o los sentimientos significativos marcan el límite de lo que se postea en el «muro», ante los ojos de todos. Mientras el universo adulto solo aparece como autoridad censora -los padres- o amenaza peligrosa -hombres maduros, pervertidos y pedófilos-, la mayoría de los adolescentes entrevistados señaló la necesidad de un mejor acompañamiento por parte de los mayores. En todos los casos, los jóvenes reclaman «límites» que sean capaces de contener la sobreexposición de la intimidad en la red.</subfield>
   </datafield>
   <datafield ind2=" " ind1=" " tag="520">
      <subfield code="a">This paper analyzes how teenagers from different neighborhoods of Buenos Aires (Argentina) value their privacy in Facebook, and how these users decide what information they reveal about themselves. Several 17 and 18-year-old adolescents were interviewed in depth, in order to explore their criteria for publishing information in the social network, as well as their perceptions towards the proliferation of gossip and rumors in the platform, and the need to restrict public access to certain personal information, especially in order to avoid adult control. Despite the contemporary theories that announce "the end of privacy", teenagers interviewed for this exploratory study proved to be aware of the need of controlling what is made public in Facebook. In most cases, the limit that decides what is -or isn't- posted on the "wall", before everyone's eyes, is related to a sense of shame, or pain, or other feelings considered "significant" by users. In the perception of teenagers that use social networks, adults are regarded as restrictive authorities -in the figure of parents- or dangerous threats -mainly represented by mature men, perverts and paedophiles-. Therefore, most adolescents emphasized their wish to receive better care from adults, and underlined that "limits" are fundamental in order to avoid overexposure in Facebook.</subfield>
   </datafield>
   <datafield tag="653" ind2=" " ind1=" ">
      <subfield code="a">Privacitat</subfield>
   </datafield>
   <datafield tag="653" ind2=" " ind1=" ">
      <subfield code="a">Intimitat</subfield>
   </datafield>
   <datafield tag="653" ind2=" " ind1=" ">
      <subfield code="a">Xarxes socials</subfield>
   </datafield>
   <datafield tag="653" ind2=" " ind1=" ">
      <subfield code="a">Adolescència</subfield>
   </datafield>
   <datafield tag="653" ind2=" " ind1=" ">
      <subfield code="a">Privacidad</subfield>
   </datafield>
   <datafield tag="653" ind2=" " ind1=" ">
      <subfield code="a">Intimidad</subfield>
   </datafield>
   <datafield tag="653" ind2=" " ind1=" ">
      <subfield code="a">Redes sociales</subfield>
   </datafield>
   <datafield tag="653" ind2=" " ind1=" ">
      <subfield code="a">Facebook</subfield>
   </datafield>
   <datafield tag="653" ind2=" " ind1=" ">
      <subfield code="a">Adolescencia</subfield>
   </datafield>
   <datafield tag="653" ind2=" " ind1=" ">
      <subfield code="a">Privacy</subfield>
   </datafield>
   <datafield tag="653" ind2=" " ind1=" ">
      <subfield code="a">Information disclosure</subfield>
   </datafield>
   <datafield tag="653" ind2=" " ind1=" ">
      <subfield code="a">Social networks</subfield>
   </datafield>
   <datafield tag="653" ind2=" " ind1=" ">
      <subfield code="a">Adolescence</subfield>
   </datafield>
   <datafield ind2="0" ind1="0" tag="245">
      <subfield code="a">Miradas de adolescentes argentinos sobre la intimidad en Facebook</subfield>
   </datafield>
</record></metadata></record></GetRecord></OAI-PMH>